Sports Quiz

Random Sports or NFL Quiz
Score 0/15 Timer 04:00
0 Plays Today
Hint Answer % Correct
Passing Yards (Week 3)Peyton Manning
97.6%
Passing Yards (Week 3)Drew Brees
96.6%
Passing Yards (Week 3)Matthew Stafford
93.5%
Passing Yards (Week 3)Ben Roethlisberger
88.7%
Rushing Yards (Week 3)LeSean McCoy
84.7%
Passing Yards (Week 3)Geno Smith
83.5%
Rushing Yards (Week 3)DeMarco Murray
79.6%
Receiving Yards (Week 3)Antonio Brown
74.9%
Hint Answer % Correct
Rushing Yards (Week 3)DeAngelo Williams
71.2%
Receiving Yards (Week 3)Josh Gordon
57%
Receiving Yards (Week 3)Santonio Holmes
51.9%
Rushing Yards (Week 3)Bilal Powell
41.8%
Receiving Yards (Week 3)Cecil Shorts
38.7%
Rushing Yards (Week 3)Johnathan Franklin
30.5%
Receiving Yards (Week 3)Donnie Avery
23.6%
Remove Ads.
Support Sporcle.
Get the best of Sporcle when you Go Orange. This ad-free experience offers more features, more stats, and more fun while also helping to support Sporcle. Thank you for becoming a member.

You're not logged in!

Compare scores with friends on all Sporcle quizzes.
OR
Log In

Show Comments

Extras

Top Quizzes Today


Score Distribution

Your Account Isn't Verified!

In order to create a playlist on Sporcle, you need to verify the email address you used during registration. Go to your Sporcle Settings to finish the process.

Report this User

Report this user for behavior that violates our Community Guidelines.

Details: